| 000 | 00898nam a22002657a 4500 | ||
|---|---|---|---|
| 001 | 9904 | ||
| 003 | FISKH | ||
| 005 | 20260313100614.0 | ||
| 008 | 260313b cb ||||| |||| 00| 0 eng d | ||
| 020 | _a9789833578573 | ||
| 040 |
_aFISKH _beng _cFISKH _dFISKH |
||
| 050 | _aPZ7 .W75 | ||
| 082 | _a599.74 | ||
| 245 |
_aWisdom from a feathered friend / _cRetold by S. H. Yeoh ; Illustrated by Steven She |
||
| 260 |
_aSdn Bhd : _bFuture Ace, |
||
| 300 |
_a17 pages : _bcolor illustrations ; _c20 cm |
||
| 505 | _aM | ||
| 520 | _aA moral story about friendship and wisdom, told through the adventures of a small bird, teaching children lessons about caring, sharing, and understanding others. | ||
| 521 | 8 |
_a530
_bLexile estimate |
|
| 521 | 8 |
_aM
_bRaz-Plus |
|
| 650 |
_aBirds _vJuvenile Literature |
||
| 700 |
_aShe, Steven _eillustrator |
||
| 942 |
_2ddc _cBK _n0 |
||
| 999 |
_c9904 _d9904 |
||